| 000 | 00823cam a2200265 4500 | ||
|---|---|---|---|
| 001 | M1286 | ||
| 008 | 090401t1991 xxu||||| |||| 00| 0 eng d | ||
| 035 | _a(Sirsi) u30952 | ||
| 041 | _aeng | ||
| 050 | _a332.63240973 | ||
| 110 |
_aCoudert Brothers _92769 |
||
| 245 | _aOutline of principal legal and tax issues relating to real estate investments in the United States. | ||
| 260 |
_aNew York _bCoudert Brothers _c1991 |
||
| 300 | _a(94)p. ; 30cm. | ||
| 350 | _a0 | ||
| 490 |
_aMIPIM _v91 |
||
| 520 | _aInternational Property Market (Marche International des Professionnels de l`Immobilier), Cannes 9-12 March 1991. | ||
| 650 | _aFOREIGN INVESTMENT | ||
| 650 | _aLAW | ||
| 650 | _aTAXES | ||
| 650 | _aUNITED STATES | ||
| 690 | _aPROPERTY-PROPERTY FINANCE AND INVESTMENT | ||
| 942 | _n0 | ||
| 948 | _c04/03/1997 | ||
| 999 |
_c89535 _d89535 |
||